MDQL
is popping MORE tags! Check the
thread
!
Quizzes
Events
Quiz Creation
Community
Videos
Private Events
Remove Ads
Sign In
Join for FREE
Feedback
Dark Mode
Quiz Categories
Sports
Geography
Music
Movies
Television
Just For Fun
Miscellaneous
History
Literature
Language
Science
Gaming
Entertainment
Religion
Holiday
For Kids
Quiz Lab
Recent
Popular Today
Quiz Kudos Today
Editor Picks
Curator Picks
Quizzes by...
Day
Popularity
Type
Ratings
Length
Year
Community
Subscriptions
Recent Discussions
Orange Saloon
Badges
Playlists
Quests
Create
Leaderboards
Showdown
Live 5
Trivia Bingo
Activity
Puzzle Library
Sporcle Events
Private Events
Virtual Trivia
Globe League
Become a Host
Pub Owners
SporcleCon
Opinionation
Our Games
Videos
Blog
Mobile Apps
Partnerships
Remove Ads and Go Orange
Feedback
Music
Pop Music
The Beatles
Song
Album
Lyrics
Bands
Singers
Artist
Clip
Rock
Rap
Classical
Billboard
Country Music
Kpop
Taylor Swift
Music
Pop Music
The Beatles
Song
Album
Lyrics
Bands
Singers
Artist
Clip
Rock
Rap
Classical
Billboard
Country Music
Kpop
Taylor Swift
Random Quiz
Search Sporcle
×
Quiz Lab
Quiz Lab
Music
World
Type in answers that appear in a list
Type in answers that appear in a list
Classic
Best Score? Go Orange.
World's Best Selling Albums Stats
Can you name the World's Best Selling Albums?
By
brandon7243
10m
30 Questions
193 Plays
193 Plays
193 Plays
Comments
Comments
Give Quiz Kudos
Give Quiz Kudos
-
- Ratings
hide this ad
Replay
Link that replays current quiz
Next Quiz
Link to next quiz in quiz playlist
You Got
0%
They Got
Avg Score
47%
Avg Friend Score
Upgrade to see
Score Distribution
Jump to the score distribution portion of the page
Score
0/30
Timer
10:00
0
Plays Today
Aritist
Album
% Correct
Michael Jackson
Thriller
99%
AC/
DC
Back in Black
86.5%
Pink Floyd
The Dark Side of the Moon
83.4%
Meat Loaf
Bat out of Hell
74.1%
Michael Jackson
Bad
68.4%
Pink Floyd
The Wall
66.3%
The Beatles
Abbey Road
62.2%
Bruce Springsteen
Born in the U.S.A.
62.2%
The Beatles
Sgt. Pepper's Lonely Hearts Club Band
58.5%
Guns N' Roses
Appetite for Destruction
58.5%
Eagles
Their Greatest Hits (1971-1975)
57.5%
ABBA
ABBA Gold: Greatest Hits
57.5%
Fleetwood Mac
Rumours
55.4%
Bee Gees
Saturday Night Fever
54.9%
Alanis Morissette
Jagged Little Pill
54.9%
Aritist
Album
% Correct
Led Zeppelin
Led Zeppelin IV
52.8%
Whitney Houston
The Bodyguard
48.7%
Bon Jovi
Slippery When Wet
47.2%
Andrew Lloyd Webber
The Phantom of the Opera
40.9%
Dire Straits
Brothers in Arms
38.3%
Backstreet Boys
Backstreet Boys
30.1%
Michael Jackson
Dangerous
29.5%
The Beatles
1
28.5%
Shania Twain
Come On Over
23.8%
Backstreet Boys
Millennium
20.2%
Madonna
The Immaculate Collection
20.2%
Various Artists (Soundtrack)
Dirty Dancing
11.4%
Celine Dion
Falling into You
10.9%
Bee Gees
Spirits Having Flown
8.3%
Celine Dion
Let's Talk About Love
6.2%
Quiz Playlist
Details
Report
Send in Message
Add To Playlist
Classic:
Type in answers that appear in a list
Quiz Source
Last Updated: Feb 16, 2017
Quiz Scoreboard
CHALLENGE
Sign Up to Join the Scoreboard
Show All
Scores
Hide
Comments
May contain spoilers
Recently Published
Colored Red Africa Blitz
by spor1
Geography
30s
Find the 'City' Movie
by crazypaving
Movies
60s
5x2 Blitz: Bands
by SL_Kpop136
Music
30s
More to Explore
Quiz From the Vault
Featured Blog Post
14 Easter Pick-up Lines to Find Eggs With
hide this ad
You Might Also Like...
Tags
Album Quiz
World Quiz
Best Selling
million
sale
Today's Top Quizzes in Music
Browse Music
hide this ad
Today's Top Quizzes in World
Browse World
Top Contributed Quizzes in Music
1
5X2 Blitz: Bands II
2
5X2 Blitz: The Beatles
3
Taylor Swift All Songs (2024)
4
5X2 Blitz: Billboard
5
5X2 Blitz: Billboard II
6
5X2 Blitz: Album
7
Taylor Swift Logic Puzzle II
8
5X2 Blitz: Singers
9
5X2 Blitz: Rock
10
5X2 Blitz: Lyrics
Explore More
Trending Topics
Harry Potter
Disney
NBA
Marvel
Anime
Crossword
Kpop
Pokémon
Song
The Office
Soccer
Country
Puzzle
WWE
NFL
hide this ad
More By:
brandon7243
Quiz
Plays
Rating
Category
Featured
Created
World's Best Selling Albums
193
3.00
Music
Jan 19, 2010
Go to Creator's Profile
Score Distribution
Quiz Creator Spotlight
brandon7243
Follow
Send a Message
Quizzes Created
-
Created Quiz Play Count
-
More By This Creator
Popular Quizzes Today
1
Colored Red Africa Blitz
2
Find the US States - No Outlines Minefield
3
Find the 'City' Movie
4
5x2 Blitz: Bands
5
The Countries of the World
6
Find the US States
7
Find the Countries of Europe - No Outlines Minefield
8
US States
More Music Quizzes
Musicians by Embroidery
Published
Trending Quizzes
Colored Red Europe Blitz I
Colored Red Europe Blitz II
Colored Red Africa Blitz II
Colored Red Europe Blitz III
Colored Red Africa Blitz III
Recently Updated
How Do You Spell That?
pecheneg
Godzilla Movies
pecheneg
Grab Bag: 4-10 Letters
pecheneg
2024 March Madness Bracket
pecheneg
Famous TV Couples
Peacemaker
Champions League XIs: Real Madrid
pecheneg
Largest US Cities 1790-2010
pecheneg
Rides in Walt Disney World
pecheneg
Most Oscar Losses (Acting)
pecheneg
Beyoncé Albums
pecheneg
Trending Topics
Disney
Crossword
NBA
Harry Potter
Kpop
Anime
Marvel
Soccer
Country
NFL
Pokémon
WWE
Puzzle
The Office
Song
Your Account Isn't Verified!
In order to create a playlist on Sporcle, you need to verify the email address you used during registration. Go to your
Sporcle Settings
to finish the process.
Report this User
Report this user for behavior that violates our
Community Guidelines
.
Details:
Send Report
Go to the Sporcle.com Mobile Site →
Comments